Canon EOS Rebel T3/1100D for dummie

The Canon EOS Rebel T3/1100D is a popular dSLR camera for those moving up from point-and-shoot for the first time. This full-color guide explains all the buttons, dials, and menus, helping you understand your camera and start using all its features. Plenty of colorful photos from the author's p...

詳細記述

保存先:
書誌詳細
第一著者: King, Julie Adair
フォーマット: 図書
言語:Undetermined
出版事項: Hoboken, N.J. John Wiley & Sons 2011
主題:
タグ: タグ追加
タグなし, このレコードへの初めてのタグを付けませんか!
Thư viện lưu trữ: Trung tâm Học liệu Trường Đại học Cần Thơ
LEADER 01300nam a2200217Ia 4500
001 CTU_216549
008 210402s9999 xx 000 0 und d
020 |c 8.53 
082 |a 771.3 
082 |b K53 
100 |a King, Julie Adair 
245 0 |a Canon EOS Rebel T3/1100D for dummie 
245 0 |c Julie Adair King and Robert Correll 
260 |a Hoboken, N.J. 
260 |b John Wiley & Sons 
260 |c 2011 
520 |a The Canon EOS Rebel T3/1100D is a popular dSLR camera for those moving up from point-and-shoot for the first time. This full-color guide explains all the buttons, dials, and menus, helping you understand your camera and start using all its features. Plenty of colorful photos from the author's portfolio illustrate what you can achieve. The book covers shooting in auto mode, using the onboard controls, working with Live View, and managing exposure, focus, color, and lighting. It also addresses specific shooting situations, how to get your images from the camera to the computer, and tips on editing and sharing your photos. 
650 |a Canon digital cameras,Photography,Máy ảnh kỹ thuật số Canon,Nhiếp ảnh 
650 |x Digital techniques,Kỹ thuật số 
904 |i Qhieu 
980 |a Trung tâm Học liệu Trường Đại học Cần Thơ